परीक्षा आली परीक्षा आणि इतर नाट्यछटा. (Record no. 545479)

MARC details
000 -LEADER
fixed length control field 00589nam a2200133Ia 4500
008 - FIXED-LENGTH DATA ELEMENTS--GENERAL INFORMATION
fixed length control field 100328s9999 xx 000 0 und d
082 ## - DEWEY DECIMAL CLASSIFICATION NUMBER
Item number 59230
100 ## - MAIN ENTRY--PERSONAL NAME
Personal name शेंबवणेकर प्रभा.
245 ## - TITLE STATEMENT
Title परीक्षा आली परीक्षा आणि इतर नाट्यछटा.
260 ## - PUBLICATION, DISTRIBUTION, ETC. (IMPRINT)
Name of publisher, distributor, etc आभा.
630 ## - SUBJECT ADDED ENTRY--UNIFORM TITLE
Uniform title परीक्षा आली परीक्षा आणि इतर नाट्यछटा.
730 ## - ADDED ENTRY--UNIFORM TITLE
Uniform title परीक्षा आली परीक्षा आणि इतर नाट्यछटा.
942 ## - ADDED ENTRY ELEMENTS (KOHA)
Koha item type Book
Holdings
Withdrawn status Lost status Damaged status Not for loan Home library Current library Date acquired Total Checkouts Barcode Date last seen Price effective from Koha item type
        Rantagiri (Dist.) Nagar Vachanalaya Rantagiri (Dist.) Nagar Vachanalaya 03/28/2010   RNV-59230 03/28/2010 03/28/2010 Book